000 00503nam a2200145Ia 4500
008 100122s9999 xx 000 0 und d
082 _b26724
_a823
100 _aलागू चिंतामणी
245 _aकशासाठी ?पोटासाठी !
260 _bदीप ज्योती प्रकाशन
_c1978
300 _a138
630 _aकशासाठी ?पोटासाठी !
730 _aकशासाठी ?पोटासाठी !
942 _cBOOK
999 _c413112
_d413109